| 000 | 01133nam a2200265Ia 4500 | ||
|---|---|---|---|
| 003 | OSt | ||
| 005 | 20220930190014.0 | ||
| 006 | a|||||r|||| 00| 0 | ||
| 007 | ta | ||
| 008 | 220926b |||||||| |||| 00| 0 hin d | ||
| 020 |
_a9788178311623 (hbk) _c500 |
||
| 024 | _a1340 | ||
| 037 |
_b463, 22/12/2008, Eastern Book Linkers _cTextbook |
||
| 040 |
_aCRL _cCRL _bhin |
||
| 041 |
_2hin _ahin |
||
| 082 | _aX:3M24xM3.273, 152P8 | ||
| 100 | _aलुईस, प्रकाश | ||
| 245 | 0 |
_aजन शक्ति _b मध्य बिहार में नक्सलवादी आंदोलन |
|
| 246 | _aPratāpanārāyaṇ mishra rachanāvalī | ||
| 260 |
_aदिल्ली, _bमानक पब्लिकेशन्स प्रा. लि., भारत _c2008 |
||
| 300 |
_a310पृ0 _ccm. |
||
| 700 |
_a राम कविन्द्र सिंह, अनु. _9558543 |
||
| 942 |
_hX:3M24xM3.273, 152P8 _cTB _2CC |
||
| 999 |
_c891436 _d891436 |
||